000 00728nam a2200241 i 4500
001 16998
003 ES-MaACL
005 20230906151459.0
007 t|
008 001213s2000 sp ||||1| spa d
020 _a84-339-1436-7
080 _a821.111(73)-31"19"
100 1 _aCapote, Truman.
_934884
245 1 0 _aMúsica para camaleones /
_cTruman Capote ; traducción de Benito Gómez Ibañez.
250 _a4ª ed. en "Compactos".
260 _aBarcelona :
_bAnagrama,
_c2000.
300 _a282 p. ;
_c19 cm.
490 1 _aCompactos Anagrama ;
_v106
700 1 _aGómez Ibáñez, Benito.
_957986
830 0 _aCompactos Anagrama ;
_v106
_9180205
852 _aES-MaACL
_jL-24062
_bR.129097
999 _c16998
_d16998